Australian Overseas Territories - Statistics

General Stats
  • This quiz has been taken 43 times
  • The average score is 5 of 8
Answer Stats
Overseas Territory % Correct
Christmas Island
96%
Cocos (Keeling) Islands
93%
Norfolk Island
70%
Heard and McDonald Islands
56%
Australian Antarctic Territory
44%
Coral Sea Islands
41%
Ashmore and Cartier Islands
37%
Jervis Bay Territory
19%
No matching quizzes found
Score Distribution
Percent of People with Each Score
Percentile by Number Answered
Your Score History
You have not taken this quiz